Vínculos patológicos (Registro nro. 8280)
[ vista simple ]
| 000 -LEADER | |
|---|---|
| fixed length control field | 01717 a2200217 4500 |
| 001 - CONTROL NUMBER | |
| control field | 63720 |
| 005 - DATE AND TIME OF LATEST TRANSACTION | |
| control field | 20260407155935.0 |
| 008 - FIXED-LENGTH DATA ELEMENTS--GENERAL INFORMATION | |
| fixed length control field | 260407a2025 arg spa d |
| 003 - CONTROL NUMBER IDENTIFIER | |
| control field | AR-UNSa-BCEJYS |
| 040 ## - CATALOGING SOURCE | |
| Original cataloging agency | AR-UNSa-BCEJYS |
| Language of cataloging | spa |
| Transcribing agency | AR-UNSa-BCEJYS |
| 080 ## - UNIVERSAL DECIMAL CLASSIFICATION NUMBER | |
| Universal Decimal Classification number | 159.922 |
| Common auxiliary subdivision | Características de la vida mental. Consciencia. Desarrollo mental en los seres humanos. Psicología diferencial. Psicología genética. Psicología del desarrollo |
| 041 ## - LANGUAGE CODE | |
| Language code of text/sound track or separate title | spa |
| 100 1# - MAIN ENTRY--PERSONAL NAME | |
| Personal name | Benaroya, Sergio Gustavo |
| 245 10 - TITLE STATEMENT | |
| Title | Vínculos patológicos |
| Name of part/section of a work | Abordaje psicológico y legal |
| 264 #1 - PRODUCTION, PUBLICATION, DISTRIBUTION, MANUFACTURE, AND COPYRIGHT NOTICE | |
| Place of production, publication, distribution, manufacture | Mendoza : |
| Name of producer, publisher, distributor, manufacturer | [s.e.] |
| Date of production, publication, distribution, manufacture, or copyright notice | 2025 |
| 300 ## - PHYSICAL DESCRIPTION | |
| Extent | 180 p. |
| Dimensions | 21 cm. |
| 505 ## - FORMATTED CONTENTS NOTE | |
| Formatted contents note | 1. Fundamentos teóricos del apego – 2. John Bowlby – 3. Mary Ainsworth – 4. Mary Main – 5. Judith Solomon – 6. Peter Fonagy – 7. Alan Sroufe – 8. Inge Bretherton – 9. Resultados de estudios y longitudes – 10. La teoría de las relaciones objétales – 11. El apego desorganizado – 12. Los mecanismos de defensa – 13. Influencia de las decisiones judiciales – 14. Precedentes judiciales de apego – 15. Conceptualización del narcisismo – 16. Teorías psicoanalíticas – 17. Modelo trifurcado del narcisismo – 18 El narcisismo en la ficción – 19. Diagnóstico de trastorno narcisista de personalidad – 20. Narcisista y psicópatas – 21. Estrategias para manejar relaciones con narcisistas – 22. Tratamiento aplicable a los narcisistas – 23. Problemática judicial – 24. Inventarios y escalas comunes para diagnosticar – 25. Propuesta de pericia – |
| 590 ## - LOCAL NOTE (RLIN) | |
| Local note | niveau_biblio:m niveau_hierar:0 |
| 856 41 - ELECTRONIC LOCATION AND ACCESS | |
| Uniform Resource Identifier | <a href="https://www.biblioeco.unsa.edu.ar/pmb/images/libros/L129427.jpg">https://www.biblioeco.unsa.edu.ar/pmb/images/libros/L129427.jpg</a> |
| Link text | Imagen de portada |
| Electronic format type | image/jpeg |
| 942 ## - ADDED ENTRY ELEMENTS (KOHA) | |
| Koha item type | |
| Withdrawn status | Lost status | Damaged status | Not for loan | Home library | Current library | Shelving location | Date acquired | Total checkouts | Full call number | Barcode | Date last seen | Price effective from | Koha item type |
|---|---|---|---|---|---|---|---|---|---|---|---|---|---|
| Biblioteca Prof. Eusebio Cleto del Rey | Biblioteca Prof. Eusebio Cleto del Rey | 07/04/2026 | 159.922 B456v | L129427 | 07/04/2026 | 07/04/2026 | Libro |